Characteristics, genesis and classification of soils under Hevea in Mizoram, North-East India (Record no. 51533)

MARC details
000 -LEADER
fixed length control field 00522nam a2200181Ia 4500
100 ## - MAIN ENTRY--AUTHOR NAME
Personal name Satisha G.C.
245 #0 - TITLE STATEMENT
Title Characteristics, genesis and classification of soils under Hevea in Mizoram, North-East India
260 ## - PUBLICATION, DISTRIBUTION, ETC. (IMPRINT)
Name of publisher Indian Journal of Natural Rubber Research
Year of publication 1998
300 ## - PHYSICAL DESCRIPTION
Number of Pages 38-45
650 ## - SUBJECT ADDED ENTRY--TOPICAL TERM
Topical Term Mizoram
650 ## - SUBJECT ADDED ENTRY--TOPICAL TERM
Topical Term Soil analysis
650 ## - SUBJECT ADDED ENTRY--TOPICAL TERM
Topical Term Soil classification
700 ## - ADDED ENTRY--PERSONAL NAME
Personal name Dey S.K.
700 ## - ADDED ENTRY--PERSONAL NAME
Personal name Pal T.K.
700 ## - ADDED ENTRY--PERSONAL NAME
Personal name Varghese Y.A.
942 ## - ADDED ENTRY ELEMENTS (KOHA)
Koha item type Bibliography STAF
Holdings
Withdrawn status Lost status Damaged status Not for loan Home library Current library Shelving location Date acquired Serial Enumeration / chronology Koha item type
      Bibliography RRII Library RRII Library Soils and agonomy 09/04/2014 Volume 11, Issue 1&2 Bibliography STAF